| 000 | 00867nam a22002177a 4500 | ||
|---|---|---|---|
| 999 |
_c17282 _d17282 |
||
| 003 | AR-CdUCM | ||
| 008 | 190508b ||||| |||| 00| 0 spa d | ||
| 040 |
_aMUNICIPALIDAD PROVINCIAL DEL CUSCO _cBIBLIOTECA MUNICIPAL DEL CUSCO |
||
| 082 |
_23ed. _a129.33 / _bP8 |
||
| 100 |
_aScheler, Max _96895 |
||
| 245 | _aEl puesto del hombre en el cosmos / | ||
| 260 |
_aBuenos Aires : _bLosada, _c1957. |
||
| 300 |
_a142 páginas ; _c20 cm. |
||
| 440 |
_aBiblioteca filosófica ; _915046 |
||
| 505 | _aContenido: El problema en la idea del hombre -- Los grados del ser psicofisico -- Diferencia esencial entre el hombre y el animal -- El conocimiento ideatorio de las esencias como acto fundamental del espíritu ... | ||
| 650 |
_aHombre _9838 |
||
| 650 |
_aFilosofía _9395 |
||
| 700 |
_aGaos, José (traductor) _913003 |
||
| 942 |
_2ddc _cLIBROS |
||
| 945 |
_aacv _d2019-05-08 |
||